Mechanics II for Jee (ADVANCED)/ (Record no. 184350)

MARC details
000 -LEADER
fixed length control field 00580nam a22001937a 4500
005 - DATE AND TIME OF LATEST TRANSACTION
control field 20220311171759.0
010 ## - LCCN (DPL NO)
LC control number ENG-131230
020 ## - INTERNATIONAL STANDARD BOOK NUMBER
International Standard Book Number 978-93-90555-41-3
Terms of availability 819.00
035 ## - SYSTEM CONTROL NUMBER
System control number EN-114762
037 ## - SOURCE OF ACQUISITION
Source of stock number/acquisition DBAD
082 ## - DEWEY DECIMAL CLASSIFICATION NUMBER
Classification number 531
100 ## - MAIN ENTRY--PERSONAL NAME
Personal name Sharma, B.M.
245 ## - TITLE STATEMENT
Title Mechanics II for Jee (ADVANCED)/
Statement of responsibility, etc B.M. Sharma
250 ## - EDITION STATEMENT
Edition statement 3rd Edition
260 ## - PUBLICATION, DISTRIBUTION, ETC. (IMPRINT)
Place of publication, distribution, etc Delhi
Name of publisher, distributor, etc Cengage Learning India Pvt. Ltd
Date of publication, distribution, etc 2021
270 ## - ADDRESS
City Delhi
Address T-303, 3rd Floor, DAV Complex, Plot 3 Mayur Vihar, Phase 1
Postal code 110091
300 ## - PHYSICAL DESCRIPTION
Extent 768p.
Dimensions 28cm(pbk)
942 ## - ADDED ENTRY ELEMENTS (KOHA)
Source of classification or shelving scheme Dewey Decimal Classification
Item type English Books
Classification part 531
Call number suffix SHA
Holdings
Withdrawn status Lost status Not for loan Collection code Home library Current library Date acquired Source of acquisition Cost, normal purchase price Full call number Barcode Copy number Cost, replacement price Koha item type
      Non-fiction Bawana Bawana 19/01/2022 DBAD/PUB 819.00 531 SHA EN-114762 1 819.00 English Books

© Delhi Public Library
Hit Counter
free hit counter